Odpočítanie DPH pri nadobudnutí tovaru z krajín EÚ v príkladoch

Podľa ust. § 51 ods. 2 zákona č. 222/2004 Z. z. o dani z pridanej hodnoty v z. n. p. platiteľ dane vykoná odpočítanie dane priznanej z nadobudnutia tovaru v tuzemsku z iného členského štátu [§ 49 ods. 2 písm. c) zákona o DPH], najskôr v zdaňovacom období, v ktorom právo na odpočítanie dane vzniklo...

Descripción completa

Guardado en:
Detalles Bibliográficos
Autor principal: Kolembus, Anton
Formato: Capítulo de libro
Lenguaje:eslovaco
Materias:
Etiquetas: Agregar Etiqueta
Sin Etiquetas, Sea el primero en etiquetar este registro!

MARC

LEADER 00000naa a2200000 4500
001 0188812
005 20231208090358.0
041 0 |a slo 
044 |a SK 
245 1 0 |a Odpočítanie DPH pri nadobudnutí tovaru z krajín EÚ v príkladoch  |c Anton Kolembus 
520 |a Podľa ust. § 51 ods. 2 zákona č. 222/2004 Z. z. o dani z pridanej hodnoty v z. n. p. platiteľ dane vykoná odpočítanie dane priznanej z nadobudnutia tovaru v tuzemsku z iného členského štátu [§ 49 ods. 2 písm. c) zákona o DPH], najskôr v zdaňovacom období, v ktorom právo na odpočítanie dane vzniklo (právo vzniklo, keď vznikla daňová povinnosť – § 49 ods. 1 zákona o DPH) a najneskôr v poslednom zdaňovacom období kalendárneho roka, v ktorom právo na odpočítanie dane vzniklo, ak do uplynutia lehoty na podanie daňového priznania za zdaňovacie obdobie, v ktorom uplatňuje právo na odpočítanie dane, má požadovaný doklad (faktúru za tovar z iného členského štátu). Ak je účtovným obdobím platiteľa hospodársky rok, na účely odpočítania dane sa kalendárnym rokom rozumie hospodársky rok. 
610 2 0 |a priznania daňové 
610 2 0 |a Európska únia 
610 2 0 |a dane z hodnoty pridanej 
610 2 0 |a tovar 
100 1 |a Kolembus, Anton